Normal view
MARC view
- G.K Gupta
Entry Personal Name
001 - CONTROL NUMBER
- control field: 124388
003 - CONTROL NUMBER IDENTIFIER
- control field: NUST
005 - DATE AND TIME OF LATEST TRANSACTION
- control field: 20240710172020.0
008 - FIXED-LENGTH DATA ELEMENTS
- fixed length control field: 240710|| aca||aabn | a|a d
040 ## - CATALOGING SOURCE
- Original cataloging agency: NUST
- Transcribing agency: NUST
100 ## - HEADING--PERSONAL NAME
- Personal name: G.K Gupta
670 ## - SOURCE DATA FOUND
- Source citation: Work cat.: (NUST): G.K Gupta, Introduction to Data Mining with Case Studies, 2011.
